[Event "43rd POL-ch"]
[Site "Bytom POL"]
[Date "1986.02.??"]
[Round "1"]
[White "Adamski, Jan"]
[Black "Dejkalo, Stefan"]
[Result "1/2-1/2"]
[WhiteElo "2380"]
[BlackElo "2435"]
[EventDate "1986.02.02"]
[PlyCount "36"]

1.Nf3 e6 2.g3 b5 3.Bg2 Bb7 4.O-O Nf6 5.d4 c5 6.Bg5 Be7 7.dxc5 Bxc5 8.Bxf6 
Qxf6 9.Nc3 a6 10.e4 d6 11.Ne1 Qe7 12.Nd3 Bd4 13.Qd2 O-O 14.a4 Bxc3 15.Qxc3
Rc8 16.Qd2 Nc6 17.Rfd1 h6 18.axb5 axb5 1/2-1/2

[Event "43rd POL-ch"]
[Site "Bytom POL"]
[Date "1986.02.??"]
[Round "1"]
[White "Flis, Jacek"]
[Black "Bany, Jerzy"]
[Result "1/2-1/2"]
[WhiteElo "2305"]
[BlackElo "2390"]
[EventDate "1986.02.02"]
[PlyCount "48"]

1.e4 e6 2.d4 d5 3.Nd2 c5 4.exd5 exd5 5.Ngf3 Nc6 6.Be2 Nf6 7.O-O Be6 8.dxc5
Bxc5 9.Nb3 Bb6 10.Bg5 h6 11.Bh4 g5 12.Bg3 Ne4 13.Nbd4 Nxg3 14.hxg3 Qf6 15.
Bb5 O-O 16.Nxc6 bxc6 17.Bxc6 Rac8 18.Bb5 Qxb2 19.Bd3 Qf6 20.a4 Bg4 21.a5 
Bc5 22.Ra4 Bd7 23.Ra1 Bf5 24.Ra4 Bd7 1/2-1/2

[Event "43rd POL-ch"]
[Site "Bytom POL"]
[Date "1986.02.??"]
[Round "1"]
[White "Pokojowczyk, Jerzy"]
[Black "Kuczynski, Robert"]
[Result "1/2-1/2"]
[WhiteElo "2380"]
[BlackElo "2410"]
[EventDate "1986.02.02"]
[PlyCount "130"]

1.e4 c5 2.Nf3 d6 3.d4 cxd4 4.Nxd4 Nf6 5.Nc3 a6 6.Be2 e5 7.Nb3 Be7 8.O-O 
O-O 9.Be3 Be6 10.Qd2 Nbd7 11.Rfd1 Qc7 12.a4 Nc5 13.Nxc5 dxc5 14.Nd5 Bxd5 
15.exd5 Bd6 16.c4 a5 17.Qc2 e4 18.g3 Rae8 19.Rf1 h5 20.Rae1 h4 21.Kg2 Nh7 
22.f4 exf3+ 23.Rxf3 Nf6 24.Bd3 Ng4 25.Bd2 Rxe1 26.Bxe1 Qe7 27.Bd2 hxg3 28.
hxg3 Qe5 29.Qc1 Re8 30.Bc3 Qh5 31.Qh1 Qxh1+ 32.Kxh1 b6 33.Kg1 g6 34.b3 f5 
35.Bf1 Re3 36.Kg2 Rxf3 37.Kxf3 Nh2+ 38.Kg2 Nxf1 39.Kxf1 Bxg3 40.Bf6 Bc7 
41.Be7 Kf7 42.d6 Bb8 43.Bd8 Ba7 44.Kg2 Ke8 45.Bc7 Kd7 46.Kf3 g5 47.Ke3 Kc8
48.Kf3 Kb7 49.Bd8 g4+ 50.Ke3 Bb8 51.d7 Kc6 52.Bxb6 Kxd7 53.Bxa5 f4+ 54.Kf2
Ke6 55.Bb6 Kd6 56.Ba5 Ke5 57.Bb6 Kd6 58.Ba5 Ke5 59.Bb6 Ke4 60.a5 g3+ 61.
Kf1 f3 62.Bxc5 g2+ 63.Kg1 Kd3 64.Kf2 Ke4 65.Kg1 Kd3 1/2-1/2

[Event "43rd POL-ch"]
[Site "Bytom POL"]
[Date "1986.02.??"]
[Round "1"]
[White "Stempin, Pawel"]
[Black "Hawelko, Marek"]
[Result "1-0"]
[WhiteElo "2400"]
[BlackElo "2440"]
[EventDate "1986.02.02"]
[PlyCount "63"]

1.d4 d6 2.e4 Nf6 3.Nc3 g6 4.Nf3 Bg7 5.h3 O-O 6.Be3 c6 7.a4 Nbd7 8.Be2 e5 
9.dxe5 dxe5 10.O-O Qe7 11.Qd3 Re8 12.a5 Nc5 13.Qc4 Bf8 14.Ng5 Nfd7 15.b4 
Ne6 16.Nxe6 Qxe6 17.Qxe6 Rxe6 18.Rab1 Re8 19.Rfd1 b5 20.Nxb5 cxb5 21.Bxb5 
a6 22.Bxd7 Bxd7 23.Rxd7 Rec8 24.b5 axb5 25.Rxb5 f6 26.Rdb7 Bd6 27.R7b6 Bc7
28.Rc6 Bd8 29.Rxc8 Rxc8 30.a6 Kf8 31.a7 Bc7 32.Rc5 1-0

[Event "43rd POL-ch"]
[Site "Bytom POL"]
[Date "1986.02.??"]
[Round "1"]
[White "Sznapik, Aleksander"]
[Black "Staniszewski, Piotr"]
[Result "0-1"]
[WhiteElo "2465"]
[BlackElo "2405"]
[EventDate "1986.02.02"]
[PlyCount "78"]

1.e4 c5 2.Nf3 d6 3.d4 cxd4 4.Nxd4 Nf6 5.Nc3 a6 6.Be2 e6 7.f4 Be7 8.O-O O-O
9.Kh1 Qc7 10.a4 Nc6 11.Be3 Re8 12.Qd3 Bd7 13.Rae1 Rac8 14.Bg1 Nxd4 15.Bxd4
e5 16.Bg1 b5 17.axb5 axb5 18.Ra1 Rb8 19.fxe5 dxe5 20.Ra7 Rb7 21.Rfa1 Bc6 
22.Rxb7 Qxb7 23.Ra7 Qb8 24.Nd5 Bd8 25.c4 Bxd5 26.cxd5 Bb6 27.Ra6 Bxg1 28.
Kxg1 Rc8 29.h3 Qc7 30.Qe3 Qc2 31.Bxb5 Qxb2 32.Be2 h5 33.Bf3 Rc1+ 34.Kh2 
Qb1 35.d6 h4 36.g4 Rc2+ 37.Bg2 Qf1 38.Qg1 Qf4+ 39.Kh1 Qg3 0-1

[Event "43rd POL-ch"]
[Site "Bytom POL"]
[Date "1986.02.??"]
[Round "1"]
[White "Tomaszewski, Roman"]
[Black "Dybowski, Jerzy"]
[Result "1/2-1/2"]
[WhiteElo "2390"]
[BlackElo "2365"]
[EventDate "1986.02.02"]
[PlyCount "57"]

1.d4 f5 2.Nf3 Nf6 3.g3 g6 4.Bg2 Bg7 5.O-O O-O 6.c4 d6 7.Nc3 Qe8 8.d5 Na6 
9.Nd4 Bd7 10.Rb1 Nc5 11.b4 Nce4 12.Nxe4 Nxe4 13.Qd3 e5 14.dxe6 Bxe6 15.Bb2
Bf7 16.g4 Qe7 17.gxf5 Rae8 18.f3 Nf6 19.e4 Nh5 20.f4 c5 21.bxc5 dxc5 22.
Nb5 Bxb2 23.Rxb2 Rd8 24.Qc3 a6 25.Na3 Rd5 26.fxg6 hxg6 27.Rbf2 Rfd8 28.Qc1
Qh4 29.f5 1/2-1/2

[Event "43rd POL-ch"]
[Site "Bytom POL"]
[Date "1986.02.??"]
[Round "2"]
[White "Bany, Jerzy"]
[Black "Pokojowczyk, Jerzy"]
[Result "1-0"]
[WhiteElo "2390"]
[BlackElo "2380"]
[EventDate "1986.02.02"]
[PlyCount "75"]

1.Nf3 c5 2.g3 b6 3.Bg2 Bb7 4.O-O g6 5.c3 Bg7 6.d4 Nf6 7.Qb3 Qc8 8.dxc5 
Qxc5 9.Be3 Qc8 10.Na3 O-O 11.Rad1 d6 12.Qc2 Nbd7 13.Qc1 Rd8 14.c4 a6 15.
Bd4 Nc5 16.Qe3 Qc7 17.b3 Bc6 18.Nc2 Be4 19.Nb4 e6 20.Qc3 Qe7 21.Ne1 Bxg2 
22.Nxg2 Rdc8 23.Qf3 Nce4 24.Bxf6 Nxf6 25.Qf4 a5 26.Nd3 b5 27.cxb5 Nd5 28.
Qf3 Nc3 29.Rd2 Nxb5 30.e3 d5 31.Ngf4 Qa3 32.Ne2 a4 33.Rb1 axb3 34.Rxb3 Qa5
35.Rd1 Nd6 36.a3 Ra7 37.Nd4 Ne4 38.Nb4 1-0

[Event "43rd POL-ch"]
[Site "Bytom POL"]
[Date "1986.02.??"]
[Round "2"]
[White "Czerwonski, Aleksander"]
[Black "Flis, Jacek"]
[Result "0-1"]
[WhiteElo "2320"]
[BlackElo "2305"]
[EventDate "1986.02.02"]
[PlyCount "71"]

1.d4 Nf6 2.c4 g6 3.Nc3 Bg7 4.e4 d6 5.f3 O-O 6.Bg5 Nbd7 7.Qd2 c6 8.Bd3 a6 
9.a4 a5 10.Nh3 e5 11.d5 Nc5 12.Bc2 Bxh3 13.gxh3 Qb6 14.Rb1 Nb3 15.Bxb3 
Qxb3 16.dxc6 bxc6 17.Qxd6 Nh5 18.Qxc6 h6 19.Be3 Rac8 20.Qb5 Qxc4 21.Qxc4 
Rxc4 22.Kd2 Rd8+ 23.Kc2 Rdc8 24.Rhd1 Nf4 25.Bxf4 exf4 26.Rd3 Rxa4 27.Rbd1 
Bf6 28.e5 Bh4 29.Rd4 Rb4 30.Rd5 Rcb8 31.Rb1 Bd8 32.Ne4 a4 33.Rd3 Ba5 34.
Ra3 Rc8+ 35.Nc3 Rbc4 36.Rba1 0-1

[Event "43rd POL-ch"]
[Site "Bytom POL"]
[Date "1986.02.??"]
[Round "2"]
[White "Dybowski, Jerzy"]
[Black "Nowak, Ignacy"]
[Result "1-0"]
[WhiteElo "2365"]
[BlackElo "2420"]
[EventDate "1986.02.02"]
[PlyCount "85"]

1.d4 Nf6 2.c4 g6 3.Nc3 Bg7 4.e4 d6 5.h3 O-O 6.Bg5 c5 7.d5 h6 8.Be3 e6 9.
Bd3 exd5 10.exd5 Re8 11.Qd2 Na6 12.Nge2 Kh7 13.O-O Nc7 14.a4 Na6 15.Rae1 
Nb4 16.Bb1 a6 17.Ng3 Ng8 18.Bf4 Rxe1 19.Rxe1 f5 20.Qe2 Rb8 21.Qe8 Qc7 22.
h4 Bd7 23.Qe2 Re8 24.Qd2 Rxe1+ 25.Qxe1 Kh8 26.h5 g5 27.Bd2 Qc8 28.Nd1 a5 
29.Bc3 b6 30.Ne3 Ne7 31.Bxg7+ Kxg7 32.Qc3+ Kf7 33.Ngxf5 Nxf5 34.Nxf5 Bxf5 
35.Qf3 Kf6 36.g4 Qf8 37.Qxf5+ Ke7 38.Qh7+ Kf6 39.Qd7 Qf7 40.Qxd6+ Kg7 41.
Bg6 Qf6 42.Qd7+ Kf8 43.d6 1-0

[Event "43rd POL-ch"]
[Site "Bytom POL"]
[Date "1986.02.??"]
[Round "2"]
[White "Hawelko, Marek"]
[Black "Adamski, Jan"]
[Result "1/2-1/2"]
[WhiteElo "2440"]
[BlackElo "2380"]
[EventDate "1986.02.02"]
[PlyCount "48"]

1.e4 c5 2.Nf3 e6 3.d4 cxd4 4.Nxd4 a6 5.Bd3 Nf6 6.O-O Qc7 7.Be3 d6 8.c4 
Nbd7 9.Nc3 g6 10.Rc1 Bg7 11.f3 O-O 12.Qd2 b6 13.Rfd1 Bb7 14.Bf1 Rfe8 15.b4
Rac8 16.Nb3 Bf8 17.Qf2 Ba8 18.c5 bxc5 19.Bxa6 Rb8 20.bxc5 dxc5 21.Kh1 Rb4 
22.Nb5 Qb8 23.Nxc5 Nxc5 24.Bxc5 Rxb5 1/2-1/2

[Event "43rd POL-ch"]
[Site "Bytom POL"]
[Date "1986.02.??"]
[Round "2"]
[White "Kuczynski, Robert"]
[Black "Stempin, Pawel"]
[Result "1/2-1/2"]
[WhiteElo "2410"]
[BlackElo "2400"]
[EventDate "1986.02.02"]
[PlyCount "102"]

1.e4 c6 2.d4 d5 3.Nd2 dxe4 4.Nxe4 Nf6 5.Nxf6+ exf6 6.Bf4 Na6 7.Bc4 Nc7 8.
Ne2 Be7 9.Bg3 O-O 10.O-O Bf5 11.c3 Qd7 12.Re1 Nd5 13.Nf4 Nxf4 14.Bxf4 Rfd8
15.a4 Bf8 16.Qb3 Bg6 17.Rad1 Bh5 18.Rd3 Re8 19.Rde3 g5 20.Bg3 Rxe3 21.Rxe3
Re8 22.Rxe8 Qxe8 23.Qc2 Qe1+ 24.Bf1 Bg6 25.Qe2 Qa1 26.h4 h6 27.h5 Bf5 28.
Qf3 Qb1 29.Kh2 Be4 30.Qe2 Bd5 31.f3 Kg7 32.a5 Qa1 33.Bc7 Be6 34.Qf2 a6 35.
Bd3 Qa2 36.Qe2 Qd5 37.Kg1 f5 38.Qe5+ Qxe5 39.Bxe5+ f6 40.Bc7 Kf7 41.Bd8 
Be7 42.Bxe7 Kxe7 43.f4 Kd6 44.Kf2 Kc7 45.b4 Kd6 46.Ke3 Bd7 47.g3 Be6 48.c4
Bd7 49.Bc2 Be6 50.Bd3 Bd7 51.Bc2 Be6 1/2-1/2

[Event "43rd POL-ch"]
[Site "Bytom POL"]
[Date "1986.02.??"]
[Round "2"]
[White "Sygulski, Artur"]
[Black "Dejkalo, Stefan"]
[Result "1-0"]
[WhiteElo "2440"]
[BlackElo "2435"]
[EventDate "1986.02.02"]
[PlyCount "67"]

1.d4 e6 2.c4 f5 3.Nc3 Nf6 4.g3 d5 5.Bg2 c6 6.Nf3 Bd6 7.Bf4 Bxf4 8.gxf4 O-O
9.e3 Bd7 10.Ne5 Be8 11.Qb3 Qe7 12.Bf3 b6 13.Rc1 Na6 14.Rg1 Rc8 15.Ke2 Rc7 
16.cxd5 cxd5 17.Kd2 b5 18.Qa3 Qxa3 19.bxa3 Nd7 20.Be2 Nxe5 21.fxe5 Rb7 22.
a4 b4 23.Nxd5 exd5 24.Bxa6 Rb6 25.Be2 Bxa4 26.Bf3 Rb5 27.Rc7 Rf7 28.Rgc1 
b3 29.axb3 Bxb3 30.Rxf7 Kxf7 31.Rc7+ Ke6 32.Rxg7 Bc4 33.Bh5 f4 34.Bg4# 
    {#}
1-0

[Event "43rd POL-ch"]
[Site "Bytom POL"]
[Date "1986.02.??"]
[Round "3"]
[White "Adamski, Jan"]
[Black "Kuczynski, Robert"]
[Result "1/2-1/2"]
[WhiteElo "2380"]
[BlackElo "2410"]
[EventDate "1986.02.02"]
[PlyCount "27"]

1.Nf3 Nf6 2.c4 c6 3.Nc3 d5 4.d4 e6 5.Qd3 Be7 6.g3 dxc4 7.Qxc4 b5 8.Qb3 O-O
9.Bg2 Ba6 10.Bg5 Nbd7 11.Bxf6 gxf6 12.O-O Bb7 13.Ne4 Rc8 14.Rac1 1/2-1/2

[Event "43rd POL-ch"]
[Site "Bytom POL"]
[Date "1986.02.??"]
[Round "3"]
[White "Flis, Jacek"]
[Black "Dybowski, Jerzy"]
[Result "1/2-1/2"]
[WhiteElo "2305"]
[BlackElo "2365"]
[EventDate "1986.02.02"]
[PlyCount "61"]

1.e4 c5 2.Nf3 Nc6 3.d4 cxd4 4.Nxd4 Nf6 5.Nc3 e5 6.Ndb5 d6 7.Bg5 a6 8.Na3 
b5 9.Nd5 Qa5+ 10.Bd2 Qd8 11.Bg5 Qa5+ 12.Bd2 Qd8 13.Nxf6+ Qxf6 14.c3 Qg6 
15.Qf3 Bg4 16.Qe3 Be7 17.Bd3 O-O 18.Qg3 Rad8 19.Nc2 f5 20.f3 fxe4 21.Bxe4 
Bf5 22.Qxg6 Bxg6 23.Bd5+ Kh8 24.Ne3 Nb8 25.a4 Nd7 26.axb5 axb5 27.O-O Nc5 
28.Ra7 Bg5 29.Nc4 Bxd2 30.Nxd2 Nd3 31.Be4 1/2-1/2

[Event "43rd POL-ch"]
[Site "Bytom POL"]
[Date "1986.02.??"]
[Round "3"]
[White "Nowak, Ignacy"]
[Black "Staniszewski, Piotr"]
[Result "1/2-1/2"]
[WhiteElo "2420"]
[BlackElo "2405"]
[EventDate "1986.02.02"]
[PlyCount "35"]

1.d4 Nf6 2.c4 e6 3.Nc3 d5 4.Nf3 Be7 5.Bg5 h6 6.Bxf6 Bxf6 7.Rc1 O-O 8.e3 c6
9.Bd3 Nd7 10.O-O dxc4 11.Bxc4 e5 12.Ne4 exd4 13.Nxf6+ Nxf6 14.Qxd4 Qe7 15.
Qe5 Re8 16.Qxe7 Rxe7 17.Rfd1 Be6 18.a3 1/2-1/2

[Event "43rd POL-ch"]
[Site "Bytom POL"]
[Date "1986.02.??"]
[Round "3"]
[White "Pokojowczyk, Jerzy"]
[Black "Czerwonski, Aleksander"]
[Result "1-0"]
[WhiteElo "2380"]
[BlackElo "2320"]
[EventDate "1986.02.02"]
[PlyCount "145"]

1.e4 e5 2.Nf3 Nc6 3.Bb5 a6 4.Ba4 Nf6 5.O-O Be7 6.Re1 b5 7.Bb3 d6 8.c3 O-O 
9.h3 Re8 10.Ng5 Rf8 11.Nf3 Bb7 12.d4 Re8 13.Nbd2 Bf8 14.Bc2 h6 15.d5 Nb8 
16.b3 c6 17.c4 Nbd7 18.a4 bxc4 19.bxc4 a5 20.Nf1 Qc7 21.Ne3 Reb8 22.Nd2 
Ba6 23.Nb3 c5 24.Bd2 Rb4 25.Bd3 Bc8 26.Bxb4 cxb4 27.c5 Nxc5 28.Nxc5 Qxc5 
29.Rc1 Qa7 30.Bb5 Bd7 31.Bxd7 Nxd7 32.Rc6 Nb8 33.Rc8 Nd7 34.Rc6 Nb8 35.Rc8
Nd7 36.Rxa8 Qxa8 37.Nc4 Nc5 38.Nb2 Qa6 39.Qe2 Qxe2 40.Rxe2 Be7 41.Kf1 Bg5 
42.Nc4 Nxa4 43.Ra2 Nc5 44.Rxa5 Nxe4 45.f3 Ng3+ 46.Ke1 Nf5 47.Rb5 Ne3 48.
Nxe3 Bxe3 49.Rxb4 g6 50.Ke2 Bc5 51.Rb7 Kg7 52.Kd3 Kf8 53.Kc4 h5 54.Kd3 f5 
55.g4 hxg4 56.hxg4 Ba3 57.Rh7 Bc5 58.Kc4 Kg8 59.Re7 Kf8 60.Re6 Kf7 61.Kd3 
Ba3 62.Kc4 Bc5 63.Kb5 Kg7 64.Kc6 Bb4 65.g5 Kf7 66.Kd7 Bc5 67.Re7+ Kf8 68.
Ke6 e4 69.fxe4 fxe4 70.Kd7 e3 71.Re4 Kf7 72.Re6 Kg7 73.Ke8 1-0

[Event "43rd POL-ch"]
[Site "Bytom POL"]
[Date "1986.02.??"]
[Round "3"]
[White "Stempin, Pawel"]
[Black "Bany, Jerzy"]
[Result "1-0"]
[WhiteElo "2400"]
[BlackElo "2390"]
[EventDate "1986.02.02"]
[PlyCount "63"]

1.d4 d5 2.c4 c6 3.Nc3 Nf6 4.Nf3 e6 5.Bg5 dxc4 6.e4 b5 7.e5 h6 8.Bh4 g5 9.
Nxg5 hxg5 10.Bxg5 Nbd7 11.exf6 Bb7 12.g3 Qb6 13.Bg2 O-O-O 14.O-O Bh6 15.
Be3 Nxf6 16.Qf3 Bg7 17.a4 a6 18.Rfc1 Rd7 19.Qe2 Bh6 20.b3 Bxe3 21.fxe3 
cxb3 22.Rab1 Kb8 23.Rxb3 Rc8 24.Rcb1 Qd8 25.Qf2 Ka8 26.axb5 cxb5 27.Nxb5 
axb5 28.Rxb5 Nd5 29.Qa2+ Kb8 30.Ra1 Kc7 31.Rxb7+ Kxb7 32.Qa6+ 1-0

[Event "43rd POL-ch"]
[Site "Bytom POL"]
[Date "1986.02.??"]
[Round "3"]
[White "Sznapik, Aleksander"]
[Black "Sygulski, Artur"]
[Result "1-0"]
[WhiteElo "2465"]
[BlackElo "2440"]
[EventDate "1986.02.02"]
[PlyCount "79"]

1.e4 e5 2.Nf3 Nc6 3.Bb5 g6 4.c3 a6 5.Ba4 d6 6.d4 Bd7 7.Bg5 Be7 8.h4 Nf6 9.
Nbd2 h6 10.Be3 Ng4 11.Nf1 Bf6 12.h5 exd4 13.Nxd4 Nxe3 14.Nxe3 Nxd4 15.
Bxd7+ Qxd7 16.Nd5 Qd8 17.cxd4 c6 18.Nc3 Qb6 19.hxg6 fxg6 20.O-O O-O-O 21.
Ne2 Rde8 22.Qd3 Qb5 23.Qe3 g5 24.Rfd1 g4 25.a4 Qg5 26.Qd3 h5 27.b4 g3 28.
Nxg3 Reg8 29.Qf3 h4 30.Nf5 Rg6 31.Nxd6+ Kc7 32.Nf7 Qh5 33.Qf4+ Kb6 34.Nxh8
Bxh8 35.Qf5 Rg5 36.Qh3 Rg4 37.e5 Bg7 38.b5 cxb5 39.axb5 axb5 40.Qb3 1-0

[Event "43rd POL-ch"]
[Site "Bytom POL"]
[Date "1986.02.??"]
[Round "4"]
[White "Bany, Jerzy"]
[Black "Adamski, Jan"]
[Result "1/2-1/2"]
[WhiteElo "2390"]
[BlackElo "2380"]
[EventDate "1986.02.02"]
[PlyCount "50"]

1.Nf3 d5 2.d4 Nf6 3.c4 dxc4 4.Qa4+ c6 5.Qxc4 Bg4 6.Nc3 Nbd7 7.Qb3 Qb6 8.e4
Bxf3 9.gxf3 e5 10.Qxb6 axb6 11.dxe5 Nxe5 12.Be2 Ng6 13.Be3 Bc5 14.f4 Bb4 
15.Bf3 Nh4 16.Ke2 Nxf3 17.Kxf3 Bxc3 18.bxc3 Ra4 19.Bxb6 Nxe4 20.Bd4 f5 21.
Bxg7 Rg8 22.Bd4 Kf7 23.Rhg1 Rg6 24.Ke3 Ra3 25.Kd3 c5 1/2-1/2

[Event "43rd POL-ch"]
[Site "Bytom POL"]
[Date "1986.02.??"]
[Round "4"]
[White "Czerwonski, Aleksander"]
[Black "Stempin, Pawel"]
[Result "0-1"]
[WhiteElo "2320"]
[BlackElo "2400"]
[EventDate "1986.02.02"]
[PlyCount "50"]

1.d4 Nf6 2.c4 e6 3.Nf3 b6 4.g3 Ba6 5.Qb3 Nc6 6.d5 Na5 7.Qa4 Bxc4 8.dxe6 
fxe6 9.Nc3 Nd5 10.Bd2 Bb4 11.Ne4 Qe7 12.Bg2 Bxd2+ 13.Nexd2 Ba6 14.Rc1 c5 
15.a3 O-O 16.h4 Rac8 17.Ne5 Qf6 18.f4 d6 19.Nd7 Qg6 20.Ne4 Nxf4 21.Nxf8 
Nxg2+ 22.Kf2 Rxf8+ 23.Kxg2 Bb7 24.Rhf1 Qxe4+ 25.Qxe4 Bxe4+ 0-1

[Event "43rd POL-ch"]
[Site "Bytom POL"]
[Date "1986.02.??"]
[Round "4"]
[White "Dybowski, Jerzy"]
[Black "Pokojowczyk, Jerzy"]
[Result "1/2-1/2"]
[WhiteElo "2365"]
[BlackElo "2380"]
[EventDate "1986.02.02"]
[PlyCount "32"]

1.d4 Nf6 2.c4 e6 3.Nf3 b6 4.Bf4 Bb7 5.e3 Bb4+ 6.Nfd2 O-O 7.a3 Be7 8.Nc3 d5
9.cxd5 exd5 10.Bd3 c5 11.O-O Nbd7 12.Rc1 a6 13.Re1 Re8 14.Bb1 Nf8 15.dxc5 
bxc5 16.e4 Ne6 1/2-1/2

[Event "43rd POL-ch"]
[Site "Bytom POL"]
[Date "1986.02.??"]
[Round "4"]
[White "Panczyk, Krzysztof"]
[Black "Nowak, Ignacy"]
[Result "1/2-1/2"]
[WhiteElo "2375"]
[BlackElo "2420"]
[EventDate "1986.02.02"]
[PlyCount "40"]

1.d4 Nf6 2.Nf3 g6 3.c4 Bg7 4.g3 O-O 5.Bg2 d6 6.O-O Nc6 7.Nc3 a6 8.h3 Rb8 
9.e4 b5 10.e5 dxe5 11.dxe5 Qxd1 12.Rxd1 Nd7 13.e6 fxe6 14.cxb5 axb5 15.Bf4
b4 16.Na4 Nb6 17.Nxb6 Rxb6 18.Bxc7 Ra6 19.Rac1 Bb7 20.Rc4 Bf6 1/2-1/2

[Event "43rd POL-ch"]
[Site "Bytom POL"]
[Date "1986.02.??"]
[Round "4"]
[White "Staniszewski, Piotr"]
[Black "Flis, Jacek"]
[Result "1/2-1/2"]
[WhiteElo "2405"]
[BlackElo "2305"]
[EventDate "1986.02.02"]
[PlyCount "33"]

1.d4 Nf6 2.c4 d6 3.Nc3 Nbd7 4.Nf3 e5 5.g3 g6 6.Bg2 Bg7 7.O-O O-O 8.e4 a6 
9.Re1 Rb8 10.d5 h6 11.b4 Nh7 12.Nh4 Ndf6 13.Qd3 Bd7 14.Bd2 Nh5 15.Rac1 Ng5
16.Qf1 b6 17.Kh1 1/2-1/2

[Event "43rd POL-ch"]
[Site "Bytom POL"]
[Date "1986.02.??"]
[Round "4"]
[White "Sygulski, Artur"]
[Black "Hawelko, Marek"]
[Result "1/2-1/2"]
[WhiteElo "2440"]
[BlackElo "2440"]
[EventDate "1986.02.02"]
[PlyCount "81"]

1.d4 Nf6 2.c4 g6 3.Nc3 d5 4.g3 dxc4 5.Qa4+ Nfd7 6.Bg2 Bg7 7.d5 O-O 8.Qxc4 
c6 9.Be3 Qa5 10.Rd1 Nb6 11.Qc5 Qxc5 12.Bxc5 Re8 13.dxc6 Nxc6 14.Nb5 Rd8 
15.Rxd8+ Nxd8 16.b3 Bd7 17.Nxa7 Rxa7 18.Bxb6 Rxa2 19.f4 Bc6 20.Nf3 Ne6 21.
Kf2 Bb5 22.Re1 Bc3 23.Rc1 Rxe2+ 24.Kg1 Bf6 25.Ne5 Rb2 26.Bxb7 Rxb3 27.Bd5 
Rb2 28.Bxe6 fxe6 29.Bd4 Rd2 30.Bc3 Ra2 31.Ng4 Bxc3 32.Rxc3 h5 33.Ne5 Kg7 
34.Rc5 Ba4 35.Ra5 h4 36.gxh4 Bb3 37.Rxa2 Bxa2 38.Kf2 Kf6 39.Kg3 Bb3 40.
Nd7+ Kf5 41.Ne5 1/2-1/2

[Event "43rd POL-ch"]
[Site "Bytom POL"]
[Date "1986.02.??"]
[Round "5"]
[White "Adamski, Jan"]
[Black "Czerwonski, Aleksander"]
[Result "1-0"]
[WhiteElo "2380"]
[BlackElo "2320"]
[EventDate "1986.02.02"]
[PlyCount "68"]

1.d4 Nf6 2.c4 g6 3.Nc3 Bg7 4.e4 d6 5.Be2 O-O 6.Bg5 c5 7.dxc5 Qa5 8.Bd2 
Qxc5 9.Nf3 Qc7 10.O-O Bg4 11.Rc1 Nc6 12.b3 Bxf3 13.Bxf3 Nd4 14.Be3 Nxf3+ 
15.Qxf3 Rfc8 16.Rfd1 b6 17.Qe2 a6 18.f3 Rab8 19.Qf2 b5 20.cxb5 Qa5 21.Ba7 
Rb7 22.bxa6 Qxa6 23.Be3 Rbc7 24.Qe2 Qa5 25.Na4 Rxc1 26.Rxc1 Rxc1+ 27.Bxc1 
Nd7 28.Bd2 Qa7+ 29.Kf1 Nc5 30.Be3 Qa5 31.Bd2 Qc7 32.Qc4 h5 33.Be3 Ne6 34.
Qxc7 Nxc7 1-0

[Event "43rd POL-ch"]
[Site "Bytom POL"]
[Date "1986.02.??"]
[Round "5"]
[White "Dejkalo, Stefan"]
[Black "Bany, Jerzy"]
[Result "1/2-1/2"]
[WhiteElo "2435"]
[BlackElo "2390"]
[EventDate "1986.02.02"]
[PlyCount "51"]

1.d4 d5 2.Nf3 Nf6 3.c4 c6 4.e3 Bf5 5.cxd5 cxd5 6.Qb3 Qc7 7.Nc3 e6 8.Bd2 
Nc6 9.Rc1 Be7 10.Nh4 Bg4 11.h3 Bh5 12.g4 Bg6 13.Nxg6 hxg6 14.Be2 Rc8 15.
Kf1 O-O 16.Qd1 Qd7 17.Kg2 Ne4 18.Be1 Bh4 19.Bd3 f5 20.f3 Bxe1 21.Qxe1 Nxc3
22.bxc3 e5 23.Qg3 Rce8 24.f4 exf4 25.exf4 Qd6 26.Rhe1 1/2-1/2

[Event "43rd POL-ch"]
[Site "Bytom POL"]
[Date "1986.02.??"]
[Round "5"]
[White "Flis, Jacek"]
[Black "Panczyk, Krzysztof"]
[Result "1/2-1/2"]
[WhiteElo "2305"]
[BlackElo "2375"]
[EventDate "1986.02.02"]
[PlyCount "34"]

1.e4 e5 2.Bc4 Nf6 3.d3 Nc6 4.Nf3 Bc5 5.O-O d6 6.c3 a6 7.Bb3 Ba7 8.Nbd2 O-O
9.Nc4 Ne7 10.Ne3 Ng6 11.Kh1 Ng4 12.Nxg4 Bxg4 13.h3 Bd7 14.d4 h6 15.Be3 Qe7
16.Nd2 Qh4 17.Qf3 Rae8 1/2-1/2

[Event "43rd POL-ch"]
[Site "Bytom POL"]
[Date "1986.02.??"]
[Round "5"]
[White "Hawelko, Marek"]
[Black "Kuczynski, Robert"]
[Result "1/2-1/2"]
[WhiteElo "2440"]
[BlackElo "2410"]
[EventDate "1986.02.02"]
[PlyCount "116"]

1.e4 c5 2.Nf3 d6 3.d4 cxd4 4.Nxd4 Nf6 5.Nc3 a6 6.Be3 e5 7.Nb3 Be6 8.Qd2 
Nbd7 9.f4 Rc8 10.f5 Bc4 11.Bxc4 Rxc4 12.Qd3 Rc8 13.O-O-O Qc7 14.Rhg1 b5 
15.g4 h6 16.h4 b4 17.Nd5 Nxd5 18.exd5 a5 19.Kb1 a4 20.Nd2 Be7 21.g5 hxg5 
22.hxg5 Rh3 23.Rc1 Nc5 24.Qe2 a3 25.b3 Na4 26.c4 bxc3 27.Nc4 Rh4 28.Nxa3 
c2+ 29.Rxc2 Qxc2+ 30.Qxc2 Rxc2 31.Kxc2 Rh2+ 32.Kd3 Rxa2 33.Nb5 Nb2+ 34.Kc3
e4 35.Bf4 Kd7 36.Re1 Nd3 37.Rxe4 Nxf4 38.Rxf4 Bxg5 39.Ra4 Bf6+ 40.Kd3 Rb2 
41.Ra7+ Kd8 42.Ra8+ Kd7 43.Ra7+ Kd8 44.Nxd6 Rxb3+ 45.Kc4 Rc3+ 46.Kb4 Rf3 
47.Nxf7+ Kc8 48.Nd6+ Kd8 49.Nf7+ Kc8 50.Nd6+ Kd8 51.Nc4 Rxf5 52.Kc5 Rf4 
53.Nb6 Bd4+ 54.Kc6 Bxb6 55.Ra8+ Ke7 56.d6+ Kf7 57.Kxb6 Ke6 58.Rg8 Kxd6 
1/2-1/2

[Event "43rd POL-ch"]
[Site "Bytom POL"]
[Date "1986.02.??"]
[Round "5"]
[White "Nowak, Ignacy"]
[Black "Sznapik, Aleksander"]
[Result "1-0"]
[WhiteElo "2420"]
[BlackElo "2465"]
[EventDate "1986.02.02"]
[PlyCount "75"]

1.d4 Nf6 2.Nf3 c5 3.d5 b5 4.c4 g6 5.cxb5 a6 6.Nc3 axb5 7.d6 Bb7 8.Bg5 Bg7 
9.e4 Qa5 10.Bd2 b4 11.e5 Ng4 12.Nb5 Nxe5 13.Nxe5 Bxe5 14.Qe2 Nc6 15.f4 c4 
16.Nc7+ Kd8 17.fxe5 Nxe5 18.Qe3 Ra7 19.Nb5 Qxb5 20.Qxa7 Nc6 21.Qe3 Re8 22.
O-O-O e5 23.Be1 Re6 24.Qh6 Re8 25.Qh4+ Kc8 26.Qxc4 Qa5 27.Kb1 Re6 28.Bf2 
e4 29.Be3 f5 30.Be2 Kb8 31.Rd5 Qa8 32.Rhd1 Re8 33.Rc5 Rf8 34.g3 Rc8 35.Qb5
Re8 36.Qb6 Rc8 37.Rdc1 h5 38.Rxc6 1-0

[Event "43rd POL-ch"]
[Site "Bytom POL"]
[Date "1986.02.??"]
[Round "5"]
[White "Pokojowczyk, Jerzy"]
[Black "Staniszewski, Piotr"]
[Result "0-1"]
[WhiteElo "2380"]
[BlackElo "2405"]
[EventDate "1986.02.02"]
[PlyCount "60"]

1.e4 c5 2.Nf3 d6 3.d4 cxd4 4.Nxd4 Nf6 5.Nc3 a6 6.Bg5 e6 7.f4 Nbd7 8.Qf3 
Qc7 9.O-O-O b5 10.Bxb5 axb5 11.Ndxb5 Qb8 12.e5 Ra5 13.exf6 gxf6 14.Bh6 
Bxh6 15.Nxd6+ Ke7 16.Kb1 Rd8 17.Nce4 Bb7 18.Qc3 Ra4 19.Nxb7 Qxb7 20.Rxd7+ 
Rxd7 21.Qxf6+ Ke8 22.Qh8+ Bf8 23.Nf6+ Ke7 24.Nxd7 Qxd7 25.Qe5 Rd4 26.Rc1 
Qd6 27.Qg5+ f6 28.Qh5 Qxf4 29.Qxh7+ Kd6 30.Qb7 Qxc1+ 0-1

[Event "43rd POL-ch"]
[Site "Bytom POL"]
[Date "1986.02.??"]
[Round "5"]
[White "Stempin, Pawel"]
[Black "Dybowski, Jerzy"]
[Result "1/2-1/2"]
[WhiteElo "2400"]
[BlackElo "2365"]
[EventDate "1986.02.02"]
[PlyCount "31"]

1.d4 f5 2.Nc3 Nf6 3.Bg5 g6 4.Bxf6 exf6 5.e3 d5 6.Bd3 c6 7.Qf3 Na6 8.h3 Nb4
9.Nge2 Bd6 10.g4 Nxd3+ 11.cxd3 Qe7 12.O-O-O fxg4 13.hxg4 Be6 14.Nf4 O-O-O 
15.Rh6 Bf7 16.Kd2 1/2-1/2

[Event "43rd POL-ch"]
[Site "Bytom POL"]
[Date "1986.02.??"]
[Round "5"]
[White "Tomaszewski, Roman"]
[Black "Sygulski, Artur"]
[Result "1/2-1/2"]
[WhiteElo "2390"]
[BlackElo "2440"]
[EventDate "1986.02.02"]
[PlyCount "21"]

1.Nf3 c5 2.g3 Nf6 3.Bg2 g6 4.O-O Bg7 5.d3 O-O 6.Nbd2 d6 7.c3 Nc6 8.e4 Ne5 
9.Qe2 Nxf3+ 10.Nxf3 Bg4 11.h3 1/2-1/2

[Event "43rd POL-ch"]
[Site "Bytom POL"]
[Date "1986.02.??"]
[Round "6"]
[White "Dybowski, Jerzy"]
[Black "Adamski, Jan"]
[Result "0-1"]
[WhiteElo "2365"]
[BlackElo "2380"]
[EventDate "1986.02.02"]
[PlyCount "40"]

1.d4 Nf6 2.c4 e6 3.Nf3 b6 4.Bf4 Bb7 5.e3 Be7 6.h3 O-O 7.Nc3 d5 8.cxd5 Nxd5
9.Nxd5 Qxd5 10.Bxc7 Bb4+ 11.Nd2 Nc6 12.Bd3 Rac8 13.Bg3 Qxg2 14.Ke2 Rfd8 
15.Rh2 Qd5 16.Qh1 Nxd4+ 17.exd4 Qxd4 18.Qb1 Bxd2 19.Bxh7+ Kh8 20.Qd3 Qc5 
0-1